| 000 | 00514nam a22001937a 4500 | ||
|---|---|---|---|
| 005 | 20240521082504.0 | ||
| 008 | 240521b |||||||| |||| 00| 0 eng d | ||
| 020 | _a0-07-303374-X | ||
| 082 |
_a150 _bWOR-P |
||
| 100 | _aWortman; Camille | ||
| 245 |
_aPsychology/ _bStudent Study Guide/ _cCamille Wortman |
||
| 250 | _a5th ed. | ||
| 260 |
_aUSA; _bMcGraw Hill; _c1999 |
||
| 300 |
_avi, 314 p.: _bill.; _c27.5 cm. |
||
| 650 | _aPsychology | ||
| 700 | _aElizbeeth Loftus | ||
| 700 | _aCharles Weaver | ||
| 999 |
_c35791 _d35791 |
||